Southeast Asia : a history

שמור ב:
מידע ביבליוגרפי
מחבר ראשי: Williams, Lea E.
פורמט: ספר
שפה:Undetermined
יצא לאור: New York Oxford University Press 1976
נושאים:
תגים: הוספת תג
אין תגיות, היה/י הראשונ/ה לתייג את הרשומה!
Thư viện lưu trữ: Trung tâm Học liệu Trường Đại học Cần Thơ
LEADER 00519nam a2200205Ia 4500
001 CTU_92750
008 210402s9999 xx 000 0 und d
082 |a 959 
082 |b W724 
100 |a Williams, Lea E. 
245 0 |a Southeast Asia : 
245 2 |b a history 
245 0 |c Lea E. Williams 
260 |a New York 
260 |b Oxford University Press 
260 |c 1976 
650 |a History 
650 |z Asia, southeastern 
904 |i Bằng 
980 |a Trung tâm Học liệu Trường Đại học Cần Thơ